000 00893cam a22002054a 4500
005 20250605164040.0
008 250528s ||||||||||||||||||||||||d
035 _a16957
020 _a855981369
040 _aGR-AtMCL
_bgre
_dGR-AtMCL
_eAACR2
245 1 _aChanging Perceptions / Writings on Gender and Development
260 _bOxfam,
_c1991
300 _a324
520 _aThis wide-ranging collection of articles gives an overview of many aspects of gender and development. Preface, Introduction, Why Gender is a Development Issue, The Forward-Looking Strategies, The Impact of Global Crises on Women, Barriers to Women's Development, Gender Aware Project Planning and Evaluation, Case Studies: Working with Gender Issues, Gender Debates, Postscript, Index.
700 1 _aMarch Candida
_93053
700 1 _aWallace Tina
_93054
942 _cBK
999 _c2400
_d2400